Disney mal décrits #3 - Statistiques

Statistiques générales
  • Ce quiz a été pris 32 fois
  • Le résultat moyen est 3 sur 14
Statistiques - réponses
Description Personnage % Correct
Un pédophile qui aurait fabriqué des poupées gonflables aujourd'hui. Geppetto
57%
Une vieille folle qui détesterait le véganisme. Cruella
50%
Le prince le plus méchant avec le plus gros plot twist qui finit les phrases des gens. Hans
36%
Un animal qui a le cul moisi (littéralement) Pumba
32%
Une méchante qui devrait manger au lieu de fabriquer des poisons. Yzma
25%
Petit animal dont le prénom devrait traumatiser le personnage principal. Pan Pan
21%
Un animal supposé méchant qui saute et zozote. Tigrou
21%
Une dépressive qu'on a vu sourire une fois maximum. Tristesse
18%
Un animal qui se prend pour un super-héros alors que c'est juste Maeva Ghenam. Volt
18%
La princesse la moins fake de disney (même si elle est pourri gâtée) Charlotte
11%
Un insecte complètement défoncé qui arrive à nous défoncer à travers l'écran. Chenille
11%
Le seul animal de compagnie qui peut t'aider à faire un BBQ. Mushu
11%
Un crabe cupide. Tamatoa
11%
Un petit garçon qui comprend pas le "ne va pas chez un inconnu" Russell
7%
Aucun quiz correspondant
Distribution des résultats
% des personnes avec chaque résultat
Percentile par nombre de réponses
Votre historique - résultats
Vous n’avez pas pris ce quiz